Aprueba tus exámenes sin esfuerzo / (Record no. 144259)

MARC details
000 -CABECERA
campo de control de longitud fija 00711nam a2200241 a 4500
005 - FECHA Y HORA DE LA ÚLTIMA TRANSACCIÓN
campo de control 20231021063633.0
008 - ELEMENTOS DE LONGITUD FIJA--INFORMACIÓN GENERAL
campo de control de longitud fija 090831s2000 es r 000 0 spa d
020 ## - NÚMERO INTERNACIONAL NORMALIZADO PARA LIBROS
Número Internacional Estándar del Libro 9701508092
035 ## - NÚMERO DE CONTROL DEL SISTEMA
Número de control de sistema UPN01000172155
040 ## - FUENTE DE LA CATALOGACIÓN
Centro catalogador/agencia de origen UPN
Lengua de catalogación spa
Centro/agencia transcriptor UPN
049 ## - COLECCIÓN
Colección CG
050 #4 - SIGNATURA TOPOGRÁFICA DE LA BIBLIOTECA DEL CONGRESO
Número de clasificación LB1049
Número de documento/Ítem F7.2a
100 1# - ASIENTO PRINCIPAL--NOMBRE PERSONAL
Nombre de persona Fry, Ronald W.,
Fechas asociadas al nombre 1949-
9 (RLIN) 31847
245 10 - MENCIÓN DE TÍTULO
Título Aprueba tus exámenes sin esfuerzo /
Mención de responsabilidad, etc. Ron Fry ; tr. Pablo Calero Clavero.
260 ## - PUBLICACIÓN, DISTRIBUCIÓN, ETC.
Lugar de publicación, distribución, etc. León, Esp. :
Nombre del editor, distribuidor, etc. Everest,
Fecha de publicación, distribución, etc. [2000].
300 ## - DESCRIPCIÓN FÍSICA
Extensión 167 p.
440 #0 - MENCIÓN DE SERIE/ASIENTO SECUNDARIO--TÍTULO
Título Manuales de bolsillo Everest
534 ## - NOTA SOBRE LA VERSIÓN ORIGINAL
Frase introductoria Título original:
Mención de título del original ACE any test
650 #4 - ASIENTO SECUNDARIO DE MATERIA - TERMINO TEMATICO
Término de materia o nombre geográfico como elemento de entrada Métodos de estudio
9 (RLIN) 4280
650 #2 - ASIENTO SECUNDARIO DE MATERIA - TERMINO TEMATICO
Término de materia o nombre geográfico como elemento de entrada Hábitos de estudio
9 (RLIN) 7045
905 ## - TIPO DE MATERIAL
Tipo de material Libro
942 ## - ELEMENTOS DE PUNTO DE ACCESO ADICIONAL (KOHA)
Fuente del sistema de clasificación o colocación Library of Congress Classification
Tipo de ítem Koha Libro
Holdings
Estado de retiro Estado de pérdida Fuente del sistema de clasificación o colocación Estado dañado No para préstamo Código de colección Localización permanente Ubicación/localización actual Ubicación en estantería Total de préstamos Clasificación Código de barras Fecha visto por última vez Número de copia Tipo de ítem Koha
    Library of Congress Classification     Colección General Bib. Gregorio Torres Quintero Bib. Gregorio Torres Quintero Planta baja 2 LB1049 F7.2a 257993 31/12/2020 1 Libro
    Library of Congress Classification     Colección General Bib. Gregorio Torres Quintero Bib. Gregorio Torres Quintero Planta baja   LB1049 F7.2a 280201 31/12/2020 1 Libro